000 01270nabaa22002417a 4500
999 _c6206
_d6206
003 OSt
005 20260125211650.0
008 190701b xxu||||| |||| 00| 0 spa d
040 _cPJ
100 _92673
_aMontero, Jorge Raúl
245 1 3 _aEl sistema federal argentino. Sus "reglas", sus "principios" y sus "garantías" /
_cRaúl Montero.
300 _ap. 170-180
500 _aCita: TR LALEY AR/DOC/2726/2024
505 _aSumario: I. Algunas palabras explicativas.— II. El material considerado.— III. Las normas.— IV. Un poco de historia. En particular referencia al proyecto y la visión de Alberdi y a los arts. y 29.— V. El interpretativismo y las garantías. Una mirada a la jurisprudencia de la CS a la luz del material considerado.— VI. A modo de conclusión.
505 _t¿Te interesa el texto completo? Comunicate al correo: koha@justierradelfuego.gov.ar
650 0 _9211
_aDERECHO ADMINISTRATIVO
650 0 _9178
_aDERECHO CONSTITUCIONAL
650 0 _9872
_aINTERPRETACION CONSTITUCIONAL
650 0 _9479
_aSISTEMA FEDERAL
650 0 _9802
_aDESCENTRALIZACION ADMINISTRATIVA
773 0 _02842
_93251
_dBuenos Aires : AbeledoPerrot, 2012-
_oDA121
_tDerecho administrativo. Nº 156 noviembre/diciembre 2024
_z18510590
942 _2udc
_cANA